Wikipedia's list of notable streaming services - Statistics

General Stats
  • This quiz has been taken 53 times
  • The average score is 8 of 25
Answer Stats
Parent Service % Correct
The Walt Disney Company Disney+
100%
Netflix Inc. Netflix
95%
The Walt Disney Company Hulu
88%
Amazon Prime Video
88%
Apple Apple TV+
78%
WarnerMedia HBO Max
73%
NBCUniversal Peacock
65%
The Walt Disney Company ESPN+
45%
ViacomCBS CBS All Access
40%
Google YouTube Premium
25%
Ellation Inc. Crunchyroll
20%
ITV plc, BBC Studios BritBox
15%
WarnerMedia HBO Now
15%
WarnerMedia HBO Go
13%
ViacomCBS 10 All Access
5%
Bell Media Crave
5%
The Walt Disney Company Disney+Hotstar
5%
Iflix Ltd Iflix
5%
Nine Entertainment Stan
5%
Televisa Blim TV
3%
ABS-CBN Corporation iWant
3%
Times Internet MX Player
3%
MultiChoice Group Showmax
3%
ABS-CBN Corporation TFC.tv
3%
PCCW Media Group Viu
3%
No matching quizzes found
Score Distribution
Percent of People with Each Score
Percentile by Number Answered
Your Score History
You have not taken this quiz